Historia de la República del Perú : (Record no. 21111)

000 -CABECERA
fixed length control field 00950nam a22002417a 4500
003 - IDENTIFICADOR DEL NÚMERO DE CONTROL
control field AR-CdUCM
008 - DATOS DE LONGITUD FIJA--INFORMACIÓN GENERAL
fixed length control field 190318b ||||| |||| 00| 0 spa d
040 ## - FUENTE DE LA CATALOGACIÓN
Agencia/entidad que catalogó originalmente la obra MUNICIPALIDAD PROVINCIAL DEL CUSCO
Entidad que transcribió la catalogación BIBLIOTECA MUNICIPAL DEL CUSCO
082 ## - NÚMERO DE LA CLASIFICACIÓN DECIMAL DEWEY
No. de la edición 8ed.
No. de Clasificación 985.83 /
Notacion interna B24
100 ## - ENTRADA PRINCIPAL--NOMBRE DE PERSONA
Nombre Personal Basadre, Jorge
245 ## - MENCIÓN DE TÍTULO
Título Historia de la República del Perú :
Resto del título 1822 - 1933 /
260 ## - PUBLICACIÓN, DISTRIBUCIÓN, ETC.
Lugar de publicación, distribución, etc. Lima :
Nombre de la editorial, distribuidor, etc. Universitaria,
Fecha de publicación, distribución, etc. 1968.
300 ## - DESCRIPCIÓN FÍSICA
Otros detalles físicos 28 cm.
Dimensiones Ilustraciones
505 ## - NOTA DE CONTENIDO CON FORMATO
Nota de contenido formateada Contenido :8va edición de la Historia de la República del Perú entre los años 1822 - 1933 , por el historiador Jorge Basadre, consta de 16 tomos, T.11: Historia de la república de Perú -- Jorge Basadre...
650 ## - PUNTO DE ACCESO ADICIONAL DE MATERIA--TÉRMINO DE MATERIA
Descriptor Historia del Perú
9 (RLIN) 259
650 ## - PUNTO DE ACCESO ADICIONAL DE MATERIA--TÉRMINO DE MATERIA
Descriptor Perú Republicano
9 (RLIN) 7837
650 ## - PUNTO DE ACCESO ADICIONAL DE MATERIA--TÉRMINO DE MATERIA
Descriptor Independencia
9 (RLIN) 625
650 ## - PUNTO DE ACCESO ADICIONAL DE MATERIA--TÉRMINO DE MATERIA
Descriptor Jorge Basadre
9 (RLIN) 200
650 ## - PUNTO DE ACCESO ADICIONAL DE MATERIA--TÉRMINO DE MATERIA
Descriptor Presidentes del Perú
9 (RLIN) 2236
710 ## - PUNTO DE ACCESO ADICIONAL--NOMBRE DE ENTIDAD CORPORATIVA
Nombre corporativo (En letras Mayúsculas) La República
9 (RLIN) 18584
942 ## - ELEMENTOS DE PUNTO DE ACCESO ADICIONAL (KOHA)
Fuente de clasificación
Tipo de item Libros-BMC
945 ## - PROCESAMIENTO DE INFORMACIÓN LOCAL (OCLC)
Catalogador dmma
Holdings
Estado de retiro (separado) Fuente de clasificación o esquema de estanterías Estado dañado Ubicación Sala donde se ubica Nombre de la colección Fecha de adquisición o compra Signatura topográfica Código de Barras Última vez visto (Koha) Tipo de ítem (Koha)
No     Sala Humanidades Sala Cusco Antiguo Book Cart 2019-10-21 985.83 / B24 / t.11 SH0000014721 2019-10-21 Libros-BMC

Powered by Koha